00915nam a2200253 a 4500001001000000003000900010005001700019007000300036008004100039020001800080040003000098082002300128100004600151245008100197264005000278300002800328336002700356337003300383338002800416500007100444650002400515650002700539710009500566000042699DO-SdBNP20250207092554.0ta140205s2012 dr r 001 p spa d a9789945404791 aDO-SdBNPbspacBNPHUerda 4aRD861.5bB468d2221 aBenjamin, Rossalinna,d1979-eautor4aut.13aEl diario del desapego :bdesvaríos domésticos /cRossalinna Benjamín. 1aSanto Domingo :bEdiciones de Cultura,c2012. a66 páginas ;c23 cm,. atextobtxt2rdacontent asin mediaciónbn2rdamedia avolumenbnc2rdacarrier aIncluye datos biográficos del autor en la solapa de la cubierta. 4aPoesía dominicana 4aLiteratura dominicana. aRepública Dominicana.bMinisterio de Cultura.bSistema Nacional de Creación Literaria.